Rubberinoru Naveena Nadeel Reethi (Record no. 45043)

MARC details
000 -LEADER
fixed length control field 00397nam a2200145Ia 4500
041 ## - LANGUAGE CODE
Language code of text/sound track or separate title Malayalam
100 ## - MAIN ENTRY--AUTHOR NAME
Personal name T. A. Soman
245 #0 - TITLE STATEMENT
Title Rubberinoru Naveena Nadeel Reethi
260 ## - PUBLICATION, DISTRIBUTION, ETC. (IMPRINT)
Name of publisher Rubber Research Institute of India
Place of publication Kottayam
Year of publication 2009
650 ## - SUBJECT ADDED ENTRY--TOPICAL TERM
Topical Term Crop Improvement
700 ## - ADDED ENTRY--PERSONAL NAME
Personal name James Jacob
700 ## - ADDED ENTRY--PERSONAL NAME
Personal name Y. Annamma Varghese
942 ## - ADDED ENTRY ELEMENTS (KOHA)
Koha item type Publications
Holdings
Withdrawn status Lost status Damaged status Not for loan Collection code Home library Current library Date acquired Cost, normal purchase price Accession Number Koha item type
      Publications Book publications RRII Library RRII Library 31/12/2021 20.00 BK 14 Publications